Kpop song has “LaLaLa” in their lyrics/titles - Statistics

General Stats
  • This quiz has been taken 53 times
  • The average score is 5 of 15
Answer Stats
Hint Answer % Correct
La-la-la-la, la, la-la-la-laJust feel the rock, we let it rock (la-la-la-la, la, la-la-la-la) LALALALA - Stray kids
93%
La la la la vie en rose(Ooh) This is my, my La la la la vie en rose (rose) La vie en rose - Iz*one
84%
La-la-la-la-la-la-la-la-la-la (happiness!)La-la-la-la-la-la-la-la-la-la (are you happy? Uh?) Happiness - Red velvet
71%
Mestro의 지휘에 맞춰La-la, la-la, la-la-la-la-la Maestro - Seventeen
58%
La-di-la-la-di, la-la-la-di-da-di-da(La-di-da-di-da, la-di-da-di-da) La di da - Everglow
49%
Baby la la **** can you teach me Japanese Lalisa - Lisa
44%
La-la-la-la-la (넌 이미)Heart b-b-b-beat Russian roulette - Red Velvet
40%
La la la la la la (ha, ha)La la la la la la La la la la la la La la la la la I see the NU EVO Next level - Aespa
24%
Errbody say, la-la-la-la-la (la-la-la-la-la)Say, la-la-la-la-la (la-la-la-la-la) Fire - BTS
22%
It goes a little something likeLa-la-la-la-la-la, la-la-la-la-la-la, la-la-la-la-la-la La-la-la-la-la-la, la-la-la-la-la-la, la-la-la-la-la-la Stay - Blackpink
9%
La la la light up my life La la love - Nct dream
2%
Ooh-ooh, ooh-ooh, lalalala-lalalaOoh-ooh, ooh-ooh 어서 와서 Love dive - Ive
2%
La la la la la I am what I am Richman - Aespa
2%
You just followLa-la-la, la-la Rising - Triple S
2%
La, la-la-la-la-la-la (hey, hey, I wanna hear you like)La-la-la-la-la-la, la (hey, hey, come on and tell me like) Misfit - Nct U
0%
No matching quizzes found
Score Distribution
Percent of People with Each Score
Percentile by Number Answered
Your Score History
You have not taken this quiz